[Event "Titled Tuesday intern op 03rd Aug"]
[Site "Chess.com INT"]
[Date "2021.08.03"]
[Round "4"]
[White "Manukian, Artak"]
[Black "Pischal, Yulia"]
[Result "0-1"]
[WhiteElo "2196"]
[BlackElo "1963"]
[PlyCount "78"]
[EventDate "2021.08.03"]
[EventType "swiss (blitz)"]
[EventRounds "11"]
[EventCountry "USA"]
[SourceTitle "CBM 203 Extra"]
[Source "ChessBase"]
[SourceDate "2021.09.30"]
[SourceVersion "1"]
[SourceVersionDate "2021.09.30"]
[SourceQuality "1"]

1. e4 c5 2. Nf3 d6 3. Bb5+ Nd7 4. 0-0 Ngf6 5. Re1 a6 6. Bd3 g6 7. a4 Bg7 8. c3 b6 9. Bc2 0-0 10. d4 e5 11. dxe5 Nxe5 12. Nxe5 dxe5 13. f3 Qxd1 14. Rxd1 Be6 15. Be3 Rab8 16. Na3 Nd7 17. c4 Bf6 18. Rd2 Be7 19. Rad1 Rb7 20. Bd3 Nb8 21. Nb1 Nc6 22. Nc3 Nd4 23. Nd5 Bxd5 24. cxd5 Ra7 25. Kf2 Bd6 26. g4 f6 27. h4 Rd8 28. h5 Rda8 29. hxg6 hxg6 30. Rh1 Rh7 31. Rxh7 Kxh7 32. Kg3 Kg7 33. Rh2 Rb8 34. Bxa6 Ra8 35. Bb5 Nxb5 36. axb5 Ra5 37. f4 Rxb5 38. fxe5 Bxe5+ 39. Kg2 Rxb2+ 0-1

[Event "Titled Tuesday intern op 25th May"]
[Site "Chess.com INT"]
[Date "2021.05.25"]
[Round "4"]
[White "Dushyant, Sharma"]
[Black "Pischal, Yulia"]
[Result "1/2-1/2"]
[WhiteElo "2270"]
[BlackElo "1963"]
[PlyCount "59"]
[EventDate "2021.05.25"]
[EventType "swiss (blitz)"]
[EventRounds "11"]
[EventCountry "USA"]
[SourceTitle "CBM 203 Extra"]
[Source "ChessBase"]
[SourceDate "2021.09.30"]
[SourceVersion "1"]
[SourceVersionDate "2021.09.30"]
[SourceQuality "1"]

1. e4 c5 2. Nf3 d6 3. d4 cxd4 4. Nxd4 Nf6 5. Nc3 Nc6 6. f4 e5 7. Nf3 Be7 8. Bd3 0-0 9. 0-0 Be6 10. Kh1 exf4 11. Bxf4 d5 12. e5 Ne8 13. Qe1 g6 14. Qg3 Ng7 15. Bh6 Nb4 16. Nd4 Bh4 17. Qf4 Nh5 18. Qf3 Nxd3 19. cxd3 Ng7 20. Ncb5 Bg5 21. Bxg7 Kxg7 22. Nd6 Qe7 23. Rae1 Kg8 24. Re2 h5 25. Ref2 Bg4 26. Qg3 Bh4 27. Qf4 Bg5 28. Qg3 Bh4 29. Qf4 Bg5 30. Qg3 1/2-1/2

[Event "Titled Tuesday intern op 25th May"]
[Site "Chess.com INT"]
[Date "2021.05.25"]
[Round "10"]
[White "Pischal, Yulia"]
[Black "Pajeken, Jakob Leon"]
[Result "0-1"]
[WhiteElo "1963"]
[BlackElo "2305"]
[PlyCount "122"]
[EventDate "2021.05.25"]
[EventType "swiss (blitz)"]
[EventRounds "11"]
[EventCountry "USA"]
[SourceTitle "CBM 203 Extra"]
[Source "ChessBase"]
[SourceDate "2021.09.30"]
[SourceVersion "1"]
[SourceVersionDate "2021.09.30"]
[SourceQuality "1"]

1. e4 e5 2. Nc3 Nf6 3. g3 d5 4. exd5 Nxd5 5. Bg2 Be6 6. d3 Nc6 7. Nf3 Bc5 8. 0-0 0-0 9. Ne4 Bb6 10. c4 Nde7 11. c5 Ba5 12. a3 f6 13. b4 Nxb4 14. axb4 Bxb4 15. Bb2 Nc6 16. Qc2 a5 17. Ned2 Bf5 18. Ne4 Qd7 19. Nh4 Be6 20. f4 exf4 21. gxf4 Rfd8 22. f5 Bf7 23. Rad1 Nd4 24. Qf2 Nc6 25. Bxf6 Re8 26. Qg3 Bd5 27. Bb2 Bxe4 28. dxe4 Bxc5+ 29. Kh1 Qf7 30. f6 Bd6 31. Qxg7+ Qxg7 32. fxg7 Be5 33. Bxe5 Nxe5 34. Nf5 a4 35. Rf2 b5 36. Bf1 c6 37. Rg2 Re6 38. Rb1 a3 39. Ra2 Kf7 40. Rb3 Nc4 41. Bxc4 bxc4 42. Rg3 Rg6 43. Rf3 Rb8 44. Nh4+ Kxg7 45. Nxg6 Rb1+ 46. Kg2 Rb2+ 47. Rf2 c3 48. Kf3 hxg6 49. Ke3 c5 50. Kd3 Rb3 51. Kc4 Rb4+ 52. Kxc3 Rxe4 53. Rfd2 Re3+ 54. Kc2 c4 55. Rd7+ Kh6 56. Rd2 Rh3 57. Rg2 Kh5 58. Kd2 g5 59. Rc2 Rb3 60. Rxc4 Rb2+ 61. Rc2 a2 0-1

[Event "Titled Tuesday intern op 25th May"]
[Site "Chess.com INT"]
[Date "2021.05.25"]
[Round "11"]
[White "Pischal, Yulia"]
[Black "Sarkar, Justin"]
[Result "0-1"]
[WhiteElo "1963"]
[BlackElo "2360"]
[PlyCount "39"]
[EventDate "2021.05.25"]
[EventType "swiss (blitz)"]
[EventRounds "11"]
[EventCountry "USA"]
[SourceTitle "CBM 203 Extra"]
[Source "ChessBase"]
[SourceDate "2021.09.30"]
[SourceVersion "1"]
[SourceVersionDate "2021.09.30"]
[SourceQuality "1"]

1. e4 c5 2. Nc3 Nc6 3. g3 g6 4. Bg2 Bg7 5. d3 e6 6. f4 Nge7 7. Nf3 0-0 8. 0-0 d5 9. e5 f6 10. exf6 Bxf6 11. Ne2 e5 12. fxe5 Nxe5 13. Nxe5 Bxe5 14. Nf4 Qd6 15. c3 Bd7 16. Bd2 Bc6 17. Qe2 Rae8 18. Rae1 Nf5 19. Qg4 d4 20. Bd5+ 0-1